00969nam a2200253 a 450000100060000000300080000600500170001400800410003102000150007202000220008703500190010904000270012804100080015508200260016310000290018924501030021826000510032130000330037250400640040565100560046994200120052599900170053795201610055458123BD-RjUL20211209080605.0161217s2004 enka b 001 0 eng  a0521826284 a0521533678 (pbk.) a(BD-RjUL)58247 aDLCcDLCdBD-RjULbeng aeng00a330.947223bGRP 20041 aGregory, Paul R.917265814aThe political economy of Stalinism :bevidence from the Soviet secret archives /cPaul R. Gregory. aNew York :bCambridge University Press,c2004. axi, 308 p. :bill. ;c24 cm. aIncludes bibliographical references (p. 289-300) and index. 0aSoviet UnionxEconomic conditionsvSources.9172659 2ddccBK c58123d58123 00102ddc40718NFICaRUCLbRUCLcReadingd2008-02-06eDhaka,Paragon Enterprise Lit.,g34.99l0o330.947 GRP 2004r2016-12-17 00:00:00tC-1w2016-12-17yBK